[Event "AUS-ch"]
[Site "Melbourne"]
[Date "2014.01.04"]
[Round "4"]
[White "Schon, Eugene"]
[Black "Li, Zuhao Luke"]
[Result "1/2-1/2"]
[WhiteElo "2195"]
[BlackElo "2336"]
[PlyCount "64"]
[EventDate "2014.01.02"]
[EventType "swiss"]
[EventRounds "11"]
[EventCountry "AUS"]
[SourceTitle "CBM 158 Extra"]
[Source "ChessBase"]
[SourceDate "2014.02.28"]
[SourceVersion "1"]
[SourceVersionDate "2014.02.28"]
[SourceQuality "1"]

1. e4 e5 2. Nf3 Nc6 3. Bb5 a6 4. Ba4 Nf6 5. 0-0 Be7 6. Re1 b5 7. Bb3 d6 8. c3 0-0 9. h3 Nb8 10. d4 Nbd7 11. Nbd2 Bb7 12. Bc2 Re8 13. a4 Bf8 14. Bd3 c6 15. b3 g6 16. Qc2 Nh5 17. Bf1 Nf4 18. Bb2 Bg7 19. axb5 axb5 20. dxe5 dxe5 21. b4 Rc8 22. Nb3 Qf6 23. Na5 Ba8 24. Rad1 Nb6 25. g3 Ne6 26. Kg2 Bf8 27. c4 Bxb4 28. Nxe5 Bxa5 29. Ng4 Qe7 30. Nf6+ Kf8 31. Nxh7+ Kg8 32. Nf6+ Kf8 1/2-1/2

[Event "Australian Masters-A"]
[Site "Melbourne"]
[Date "2013.12.21"]
[Round "8"]
[White "Morris, James"]
[Black "Li, Zuhao Luke"]
[Result "1-0"]
[WhiteElo "2398"]
[BlackElo "2349"]
[PlyCount "63"]
[EventDate "2013.12.14"]
[EventType "tourn"]
[EventRounds "9"]
[EventCountry "AUS"]
[EventCategory "7"]
[SourceTitle "CBM 158 Extra"]
[Source "ChessBase"]
[SourceDate "2014.02.28"]
[SourceVersion "1"]
[SourceVersionDate "2014.02.28"]
[SourceQuality "1"]

1. e4 e5 2. Nf3 Nc6 3. Nc3 Nf6 4. g3 d5 5. exd5 Nxd5 6. Bg2 Nxc3 7. bxc3 Be7 8. 0-0 0-0 9. Re1 Bf6 10. Rb1 Rb8 11. d3 Be6 12. c4 Qd7 13. Bb2 b5 14. Nd2 bxc4 15. Nxc4 Bxc4 16. dxc4 Qxd1 17. Rexd1 Nb4 18. Ba3 c5 19. Rd7 a5 20. c3 Nxa2 21. Rxb8 Rxb8 22. Bd5 Nxc3 23. Bxf7+ Kh8 24. Bxc5 Rc8 25. Ra7 g6 26. Rxa5 Bd8 27. Bd6 Kg7 28. Ra7 Kf6 29. Bg8 Bb6 30. Rf7+ Kg5 31. Be7+ Kg4 32. h3+ 1-0

[Event "Australian Masters-A"]
[Site "Melbourne"]
[Date "2013.12.19"]
[Round "6"]
[White "Tu, Hoang Thong"]
[Black "Li, Zuhao Luke"]
[Result "1-0"]
[WhiteElo "2414"]
[BlackElo "2349"]
[PlyCount "79"]
[EventDate "2013.12.14"]
[EventType "tourn"]
[EventRounds "9"]
[EventCountry "AUS"]
[EventCategory "7"]
[SourceTitle "CBM 158 Extra"]
[Source "ChessBase"]
[SourceDate "2014.02.28"]
[SourceVersion "1"]
[SourceVersionDate "2014.02.28"]
[SourceQuality "1"]

1. f4 d5 2. Nf3 Nf6 3. g3 Bg4 4. Bg2 Nbd7 5. d3 c6 6. 0-0 Qb6+ 7. Kh1 Bxf3 8. Bxf3 e5 9. e4 dxe4 10. dxe4 Rd8 11. Qe2 Bc5 12. f5 h6 13. Nc3 Be7 14. Rb1 a5 15. Kg2 Qc7 16. a4 Bb4 17. Nd1 Nb6 18. b3 Rd7 19. h4 Qd8 20. Nf2 Bc3 21. Nd3 Bd4 22. Ba3 c5 23. Rfd1 Qc7 24. c3 Bxc3 25. Rbc1 Bd4 26. Nxc5 Bxc5 27. Rxc5 Qb8 28. Rxa5 Rxd1 29. Qxd1 Nfd7 30. Rb5 Qc7 31. a5 Nc8 32. Qd5 b6 33. a6 Ne7 34. Qb7 Qxb7 35. axb7 Nc6 36. Bd6 h5 37. Rd5 f6 38. Be2 Ndb8 39. Bc4 Rh6 40. Bb5 1-0

[Event "Australian Masters-A"]
[Site "Melbourne"]
[Date "2013.12.15"]
[Round "2"]
[White "Li, Zuhao Luke"]
[Black "Cheng, Bobby Sky"]
[Result "0-1"]
[WhiteElo "2349"]
[BlackElo "2440"]
[PlyCount "81"]
[EventDate "2013.12.14"]
[EventType "tourn"]
[EventRounds "9"]
[EventCountry "AUS"]
[EventCategory "7"]
[SourceTitle "CBM 158 Extra"]
[Source "ChessBase"]
[SourceDate "2014.02.28"]
[SourceVersion "1"]
[SourceVersionDate "2014.02.28"]
[SourceQuality "1"]

1. d4 g6 2. e4 Bg7 3. Nc3 d6 4. Be3 a6 5. f4 b5 6. Bd3 Nd7 7. e5 Bb7 8. Be4 Bxe4 9. Nxe4 Nh6 10. Nf3 c5 11. dxc5 dxe5 12. c6 Nf6 13. Qxd8+ Rxd8 14. Nxf6+ exf6 15. c7 Rc8 16. Bb6 Kd7 17. 0-0-0+ Kc6 18. Ba5 Nf5 19. fxe5 fxe5 20. Rhe1 f6 21. g4 Nd6 22. g5 Rhe8 23. gxf6 Bxf6 24. b3 e4 25. Nd4+ Kb7 26. Re2 Nf5 27. c3 Bxd4 28. cxd4 Kc6 29. d5+ Kd6 30. Kb2 e3 31. Bb6 Re5 32. Kc2 Rce8 33. a4 bxa4 34. bxa4 a5 35. Bxa5 Re4 36. Kc3 Rxa4 37. Bb6 Ra6 38. Rb1 Ne7 39. Bxe3 Nxd5+ 40. Kc4 Rxe3 41. Rxe3 0-1

[Event "Melbourne Cup Weekend"]
[Site "Melbourne"]
[Date "2013.11.05"]
[Round "9"]
[White "Jordan, William J"]
[Black "Li, Zuhao Luke"]
[Result "1/2-1/2"]
[WhiteElo "2242"]
[BlackElo "2318"]
[PlyCount "36"]
[EventDate "2013.11.01"]
[EventType "swiss"]
[EventRounds "9"]
[EventCountry "AUS"]
[SourceTitle "EXT 2014"]
[Source "ChessBase"]
[SourceDate "2013.11.20"]
[SourceVersion "1"]
[SourceVersionDate "2013.11.20"]
[SourceQuality "1"]

1. e4 e5 2. Nf3 Nc6 3. Bb5 a6 4. Ba4 Nf6 5. Qe2 Be7 6. c3 b5 7. Bc2 0-0 8. 0-0 d5 9. d4 Bg4 10. dxe5 Nxe5 11. Rd1 Re8 12. Bg5 Nxe4 13. Bxe7 Qxe7 14. Rxd5 Bxf3 15. gxf3 Qg5+ 16. Kh1 Nf6 17. Rd1 Qf4 18. Qe3 Qxf3+ 1/2-1/2

[Event "Melbourne Cup Weekend"]
[Site "Melbourne"]
[Date "2013.11.04"]
[Round "7"]
[White "Li, Zuhao Luke"]
[Black "Goldenberg, Igor"]
[Result "1/2-1/2"]
[WhiteElo "2318"]
[BlackElo "2375"]
[PlyCount "51"]
[EventDate "2013.11.01"]
[EventType "swiss"]
[EventRounds "9"]
[EventCountry "AUS"]
[SourceTitle "EXT 2014"]
[Source "ChessBase"]
[SourceDate "2013.11.20"]
[SourceVersion "1"]
[SourceVersionDate "2013.11.20"]
[SourceQuality "1"]

1. d4 Nf6 2. c4 e6 3. Nc3 d5 4. cxd5 exd5 5. Bg5 c6 6. e3 Be7 7. Bd3 0-0 8. Qc2 Nbd7 9. Nge2 Re8 10. f3 Nf8 11. 0-0 h6 12. Bh4 Ne6 13. Bf2 c5 14. dxc5 Nxc5 15. Rfd1 Nxd3 16. Qxd3 Be6 17. Nf4 Bc5 18. Rac1 Qe7 19. a3 a6 20. Nce2 Rad8 21. Nd4 Bc8 22. Rc3 Bb6 23. Qc2 Ba5 24. b4 Bb6 25. Qb3 Be6 26. Nd3 1/2-1/2

[Event "Melbourne Cup Weekend"]
[Site "Melbourne"]
[Date "2013.11.04"]
[Round "6"]
[White "Morris, James"]
[Black "Li, Zuhao Luke"]
[Result "0-1"]
[WhiteElo "2392"]
[BlackElo "2318"]
[PlyCount "66"]
[EventDate "2013.11.01"]
[EventType "swiss"]
[EventRounds "9"]
[EventCountry "AUS"]
[SourceTitle "EXT 2014"]
[Source "ChessBase"]
[SourceDate "2013.11.20"]
[SourceVersion "1"]
[SourceVersionDate "2013.11.20"]
[SourceQuality "1"]

1. c4 Nf6 2. Nc3 e6 3. Nf3 d5 4. d4 Bb4 5. Bd2 0-0 6. e3 c5 7. dxc5 Bxc5 8. cxd5 exd5 9. Be2 Nc6 10. 0-0 Be6 11. Nb5 Ne4 12. Be1 Qf6 13. Nbd4 Rac8 14. Rc1 Bxd4 15. exd4 Nxd4 16. Nxd4 Rxc1 17. Qxc1 Qxd4 18. Bf3 Rc8 19. Qe3 Qxb2 20. Qxa7 h6 21. Qe3 Qxa2 22. Bxe4 dxe4 23. Bc3 Qa3 24. Bd4 Qxe3 25. fxe3 b5 26. Rb1 Bc4 27. Kf2 Bd3 28. Rb2 g5 29. Kg3 Kh7 30. h4 Kg6 31. Ra2 b4 32. hxg5 hxg5 33. Ra7 Rc2 0-1